In vitro antagonism caused by some species of fungi on Rigidoporus lignosus (Record no. 60936)
[ view plain ]
| 000 -LEADER | |
|---|---|
| fixed length control field | 01371nam a2200217Ia 4500 |
| 100 ## - MAIN ENTRY--AUTHOR NAME | |
| Personal name | Jayasuriya K E |
| 245 #0 - TITLE STATEMENT | |
| Title | In vitro antagonism caused by some species of fungi on Rigidoporus lignosus |
| 260 ## - PUBLICATION, DISTRIBUTION, ETC. (IMPRINT) | |
| Name of publisher | Journal of the Rubber Research Institute of Sri Lanka |
| Year of publication | 1996 |
| 300 ## - PHYSICAL DESCRIPTION | |
| Number of Pages | 89-101 |
| 520 ## - SUMMARY, ETC. | |
| Summary, etc | Fungi potentially antagonistic to Rigidoporus lignosus were isolated from a) by placing soil samples on agar plates previously colonized by R. lignosus, or on Trichoderma selective agar and b) from basidiomycete fruit bodies in rubber plantations. Modes of action of potential antagonists against R. lignosus were evaluated by in vitro methods viz: production of volatile or non-volatile inhibitory compounds and ability to overgrow colonies of R. lignosus on agar. Some Trichoderma spp. were strongly antagonistic to R. lignosus in most of the tests. T. longibrachiatum (isolate DZE10) completely inhibited R. lignosus on agar by producing voolatile inhibitory metabolities. Trametes sp. (isolates ISO16 & KIR8) antagonized R. lignosus on dual membered plates. |
| 650 ## - SUBJECT ADDED ENTRY--TOPICAL TERM | |
| Topical Term | Antagonism |
| 650 ## - SUBJECT ADDED ENTRY--TOPICAL TERM | |
| Topical Term | Antagonism |
| 650 ## - SUBJECT ADDED ENTRY--TOPICAL TERM | |
| Topical Term | Biocontrol |
| 650 ## - SUBJECT ADDED ENTRY--TOPICAL TERM | |
| Topical Term | Hevea brasiliensis |
| 650 ## - SUBJECT ADDED ENTRY--TOPICAL TERM | |
| Topical Term | Mycelial cords |
| 650 ## - SUBJECT ADDED ENTRY--TOPICAL TERM | |
| Topical Term | Rigidoporus lignosus |
| 700 ## - ADDED ENTRY--PERSONAL NAME | |
| Personal name | Deacon J W |
| 700 ## - ADDED ENTRY--PERSONAL NAME | |
| Personal name | Fernando T H P S |
| 942 ## - ADDED ENTRY ELEMENTS (KOHA) | |
| Koha item type | Journals |
| Withdrawn status | Lost status | Damaged status | Not for loan | Home library | Current library | Shelving location | Date acquired | Serial Enumeration / chronology | Koha item type |
|---|---|---|---|---|---|---|---|---|---|
| Journals | RRII Library | RRII Library | Pathology | 17/12/2021 | Volume 78, Issue | Journals |